| 000 | 00794nas a2200265 4500 | ||
|---|---|---|---|
| 001 | BR9801797 | ||
| 003 | BR-BrBNA | ||
| 005 | 20231205100952.0 | ||
| 007 | ta | ||
| 008 | 230509b bl.|||p| |||| 00| 00por d | ||
| 040 |
_aBR-BrBNA _bpor _cBiblioteca Nacional de Agricultura |
||
| 041 | _a(Pt) | ||
| 072 | _aF04 | ||
| 100 | 1 | _aSantos, I.C. dos | |
| 100 | 1 | _aCasali, V.W.D. | |
| 100 | 1 | _aMiranda, G.V. | |
| 245 | 1 | _aComportamento de dez cultivares de alface adubadas com composto de lixo urbano | |
| 650 | _aAlface | ||
| 650 | _aAdubacao | ||
| 650 | _aResiduo Organico | ||
| 650 | _aFertilizante | ||
| 773 | 0 |
_tPesquisa Agropecuaria Brasileira (Brazil) _xISSN 0100-204X _g(Feb 1998), v. 33(2) p. 157-161 _wBR9801797 |
|
| 909 |
_a202311 _bLúcia _c55 _dLúcia Elande |
||
| 942 |
_2AGRIS _n0 _cANA |
||
| 999 |
_c159082 _d159082 |
||